000 00561nam a2200181Ia 4500
008 090124s9999 xx 000 0 und d
082 _b30653
100 _aकाशिकर एस् . एम् .
245 _a एकच प्रहार
250 _a0
260 _bपूजा प्रकाशन
_c1990
300 _a199
600 _aकाशिकर एस् . एम् .
630 _a एकच प्रहार
700 _aकाशिकर एस् . एम् .
730 _a एकच प्रहार
942 _cBOOK
999 _c95996
_d95996